000 00541nam a2200169Ia 4500
005 20260601193244.0
008 260601s9999||||xx |||||||||||||| ||und||
020 _a978-981-97-3072-8
_qebk
100 _aThiago Gabriel Monteiro
245 0 _aMental Fatigue Assessment in Demanding Marine Operations
250 _a2024
260 _aHeidelberg, Germany
_bSpringer Nature
_c2024
650 _aComputer Science
700 _aHouxiang Zhang
856 _uhttps://link.springer.com/openurl?genre=book&isbn=978-981-97-3072-8
942 _cEB
_2ddc
999 _c56500
_d56500